Statistics for Phoenix Suns NBA All-Stars

Click here to take the quiz!

General Stats

  • This quiz has been taken 112 times
    (51 since last reset)
  • The average score is 10 of 24

Answer Stats

Players Selections Last % Correct
Steve Nash62012
100%
Amar'e Stoudemire52010
90%
Devin Booker12020
84%
Charles Barkley41996
78%
Kevin Johnson31994
76%
Dennis Johnson21982
76%
Shawn Marion42007
69%
Jason Kidd32001
49%
Dan Majerle31995
47%
Tom Chambers31991
47%
Shaquille O'Neal12009
45%
Paul Westphal41980
39%
Alvan Adams11976
33%
Walter Davis61987
33%
Stephon Marbury12003
29%
Larry Nance11985
20%
Dick Van Arsdale31971
18%
Jeff Hornacek11992
16%
Connie Hawkins41973
16%
Charlie Scott31975
14%
Truck Robinson11981
12%
Paul Silas11972
6%
Gail Goodrich11969
6%
Maurice Lucas11983
4%

Score Distribution

Percentile by Number Answered

Percent of People with Each Score

Your Score History

You have not taken this quiz since the last reset